Tempo para Deus : guia para a vida de oração.
Gardado en:
| Autor Principal: | |
|---|---|
| Outros autores: | |
| Formato: | Libro |
| Idioma: | portugués francés |
| Publicado: |
São Paulo :
Quadrante,
©2007.
|
| Edición: | 1 ed. |
| Series: | Temas cristãos (Quadrante) ;
125-6 |
| Tags: |
Sen Etiquetas, Sexa o primeiro en etiquetar este rexistro!
|
MARC
| LEADER | 00000nam a2200000Ia 4500 | ||
|---|---|---|---|
| 001 | 20181112183655 | ||
| 003 | BR-CrsFAEV | ||
| 005 | 20250324151341.0 | ||
| 008 | 160403t2007||||bl |||||||||||||1 e|por|d | ||
| 020 | |a 8574650099 |q coleção | ||
| 020 | |a 9788574650098 | ||
| 020 | |a 9788574651101 |q broch. | ||
| 040 | |a BR-CrsFAEV |b por |c BR-CrsFAEV | ||
| 041 | 1 | |a por |h fre | |
| 080 | 0 | |2 1997 |a 2(03) |b Q22*n.125-6 | |
| 100 | 1 | |a Philippe, Jacques, |9 6414 |d 1947- | |
| 240 | 1 | 3 | |a Du temps pour Dieu : guide pour la vie d'oraison. |l Português. |
| 245 | 1 | 0 | |a Tempo para Deus : |b guia para a vida de oração. |
| 250 | |a 1 ed. | ||
| 260 | |a São Paulo : |b Quadrante, |c ©2007. | ||
| 300 | |a 102 p. ; |c 17 cm. | ||
| 490 | 1 | |a Temas cristãos ; |v 125-6 | |
| 546 | |a Texto em português, traduzido do francês. | ||
| 700 | 1 | |4 crr |a Gama, Emérico da, |d 1931-2014 |9 2838 | |
| 700 | 1 | |4 trl |9 6415 |a Simaika, Jacira R., | |
| 830 | 0 | |a Temas cristãos (Quadrante) ; |v 125-6 |9 1091 | |
| 942 | |2 udc |c BK | ||
| 952 | |0 0 |1 0 |2 udc |4 0 |6 2483_P636T |7 0 |9 17778 |a SBT |b SBT |c GEN |d 2016-04-02 |h 1 ed., ©2007 - 102 p. |l 0 |o 248.3 P636t |p 2504 |r 2018-08-03 00:00:00 |t ex.01 |w 2016-04-03 |y BK | ||
| 999 | |c 15739 |d 15739 | ||